Logos Quiz | Mostly Australia - Statistics

General Stats
  • This quiz has been taken 193 times
    152 since last reset
  • The average score is 12 of 16
Answer Stats
Picture Answer % Correct
Vegemite
98%
Bunnings
93%
McDonalds
92%
Weet-Bix
90%
ANZ
88%
Kmart
88%
Woolworths
86%
Arnott's
82%
Holden
82%
Westpac
82%
Commonwealth Bank
79%
Billabong
77%
Quantas
64%
Suncorp
58%
Bundaberg Rum
50%
Wesfarmers
25%
No matching quizzes found
Score Distribution
Percent of People with Each Score
Percentile by Number Answered
Your Score History
You have not taken this quiz since the last reset